| 000 | 00613nam a22002297a 4500 | ||
|---|---|---|---|
| 003 | UA-OsUOA | ||
| 001 | 88386 | ||
| 007 | ta | ||
| 008 | 20121004b un ||||| |||| 00| 0 ukr d | ||
| 100 | _aРазгон Л. | ||
| 090 |
_a82.09 _bР17 |
||
| 942 | _cBK | ||
| 040 |
_aUA-OsUOA _brus _cUA-OsUOA _dUA-OsUOA |
||
| 245 | _aВолшебство популяризатора | ||
| 300 | _a157 с. | ||
| 955 | _a4 | ||
| 041 | _arus | ||
| 080 | _a82.09 | ||
| 260 |
_aМ. _bДетская литература _c1966 |
||
| 650 | 7 |
_a82 Література. Літературознавство _2UDC |
|
| 999 |
_c374619 _d374619 |
||